000 00360nam a22001697a 4500
003 UA-OsUOA
001 2967
007 ta
008 20050721b un ||||| |||| 00| 0 ukr d
100 _aTriola
700 _aMario F.
942 _cBK
040 _aUA-OsUOA
_cUA-OsUOA
_dUA-OsUOA
245 _aElementary statistics.
_bEconomics
955 _a2
650 7 _2UDC
999 _c289129
_d289129